000 00803cam a2200229 a 4500
001 3503859
005 20171228034538.0
008 950119s1995 maua b 001 0 eng
010 _a 95001586
020 _a0240802055 (hardcover : acidfree paper)
040 _aDLC
_cDLC
_dDLC
041 _aeng
080 _a384 DOD
082 0 0 _a384 DOD
_220
100 _a40
101 _aMED
245 0 0 _aDigital multimedia cross-industry guide /
_ceditor, Philip V.W. Dodds ; managing editor, Lee E. Fitzpatrick.
504 _aIncludes bibliographical references and index.
906 _a7
_bcbc
_corignew
_d1
_eocip
_f19
_gy-gencatlg
942 _2ddc
_cBK
999 _c39517
_d39517